|
|
|
|
| LEADER |
00000nam a2200000 a 4500 |
| 001 |
vtls001067377 |
| 003 |
SK-MaSNL |
| 005 |
20260301152956.0 |
| 008 |
240315s1991 xo g d 000 0 eng |
| 015 |
|
|
|a SNBA1992/04
|
| 020 |
|
|
|a 8085456036
|
| 035 |
|
|
|a SNK000010207
|
| 035 |
|
|
|a urn:nbn:sk:snk-am3hfl7
|
| 035 |
|
|
|a F7951936-C69E-4321-A3E7-6FFF3070B079
|
| 035 |
|
|
|a urn:nbn:sk:snk-am00cyl7
|
| 040 |
|
|
|a SNK
|b slo
|c SNK
|e AACR2
|
| 041 |
0 |
|
|a eng
|
| 044 |
|
|
|a xo
|c SK
|
| 080 |
|
|
|a 336.71+339(038)=20=854
|2 1981
|
| 080 |
|
|
|a 339(038)=20=854
|2 1981
|
| 080 |
|
|
|a 801.316.4=20=854
|2 1981
|
| 100 |
1 |
|
|a Tarábek, Ján
|4 aut
|9 47326
|
| 245 |
1 |
0 |
|a English Business Dictionary
|b anglicko-slovenský a slovensko-anglický malý slovník z oblasti obchodu a financií
|c Ján Tarábek, Pavol Tarábek, Alena Veljinová
|
| 250 |
|
|
|a 1. vyd.
|
| 260 |
|
|
|a Bratislava
|b Didaktis
|c 1991
|e Most
|f Severografia
|
| 300 |
|
|
|a 138 s.
|c 14 cm
|
| 500 |
|
|
|a Lit. 11. 11 zázn. v češ., angl. a nemčine
|
| 504 |
|
|
|a Bibliogr. odkazy
|
| 650 |
0 |
7 |
|a obchod
|2 SNKPH
|9 2198
|
| 650 |
0 |
7 |
|a bankovníctvo
|2 SNKPH
|9 2101
|
| 655 |
|
7 |
|a terminologické slovníky
|2 SNKPH
|9 70504
|
| 700 |
1 |
|
|a Tarábek, Pavol
|4 aut
|9 9878
|
| 700 |
1 |
|
|a Veljinová, Alena
|4 aut
|9 514079
|
| 919 |
|
|
|a 80-85456-03-6
|
| 958 |
|
|
|a TL
|
| 958 |
|
|
|a NB
|
| 999 |
|
|
|c 790922
|d 792852
|
| 952 |
|
|
|t P60, <04>, [BOOK], {604}
|a SNK
|b SNK
|y VYP
|7 0
|p 17A0720151
|o snkSE 8271 D1
|i snkKSP 1960/92
|0 0
|1 0
|4 0
|d 1998-02-09
|l 0
|r 2004-12-31 00:00:00
|w 2026-02-24
|
| 952 |
|
|
|a SNK
|b SNK
|y PREZ
|7 0
|p 17A0786468
|o snkSE 8271
|0 0
|1 0
|4 0
|d 2012-01-24
|f 1
|l 0
|r 2026-02-24 01:35:53
|w 2026-02-24
|